000 00594nam a2200217Ia 4500
005 20230502164947.0
008 230125s9999 xx 000 0 und d
020 _a9788121916974
041 _aeng
082 _a658.8
_bPIL
100 _aPillai R S N
_9110885
245 _aModern Marketing
_bPrinciples and Practices
260 _c2016
_bS. Chand & Company Ltd.
_aNew Delhi
300 _a594p
500 _aMarketing Management
650 _aMarketing Management
700 _aPillai R S N & Bagavathi
_9110886
906 _b139.5
942 _cBK
999 _c94617
_d94617